000 00361nam a22001217a 4500
999 _c4441
_d4441
008 250218b ||||| |||| 00| 0 eng d
020 _a9781409582144
082 _a567 DAY
100 _aDAYNES,KATIE
_eAUTHOR
245 _aQUESTIONS AND ANSWERS ABOUT DINOSAURS
260 _aUSBORNE HOUSE,83-85 SAFFRON HILL,LONDON EC1N 8RT
_bUSBORNE PUBLISHING LTD
942 _2ddc